• 首页
  • 本馆介绍
  • 公告通知
  • 最新文献
  • 馆藏检索
  • 电子资源
  • 读者导购
  • 参考咨询
  • 我的图书馆
  • 登录
  • 详细信息显示
  • 放入我的书架
  • 预约/预借图书
  • 作者相关作品
  • 分类相关作品
  • 丛书相关作品
  • 出版社相关作品

书目信息

  • 表格格式
  • 工作单格式
  • 卡片格式
题名:
帝国夕阳
    
 
作者: 士承东林 著
分册: 下卷  
出版信息: 北京   中国大百科全书出版社  2019.11
页数: 400页
开本: 24cm
丛书名:
单 册:
中图分类: K248.409
科图分类:
主题词: 南明--古代史--通俗读物
电子资源:
ISBN: 978-7-5202-0558-0
000 00900nam0 2200253 450
001 0120192920116
005 20201027102338.27
010    @a978-7-5202-0558-0@dCNY62.68,CNY188.00(全3册)
100    @a20200415d2019 em y0chiy50 ea
101 0  @achi
102    @aCN@b110000
105    @ay z 000yy
106    @ar
200 1  @a帝国夕阳@9di guo xi yang@b专著@e南明那些事儿@e1644-1662@h下卷@f士承东林著
210    @a北京@c中国大百科全书出版社@d2019.11
215    @a400页@d24cm
330    @a本书内容包括:新的开始;昏着儿;争斗,争斗;四镇;史可法;真正的对手;暗流;分裂;东林党的反击;乱起;坚守;弃守;争议、疑团,弘光的结局等。
333    @a历史爱好者
517 1  @a南明那些事儿@9nan ming na xie shi er
606 0  @a南明@x古代史@j通俗读物
690    @aK248.409@v5
701  0 @a士承东林@9shi cheng dong lin@4著
801  0 @aCN@b人天书店@c20200415
905    @b1297101-04@dK248.409@e147:3@f4
    
    帝国夕阳:南明那些事儿:1644-1662.下卷/士承东林著.-北京:中国大百科全书出版社,2019.11
    400页;24cm
    使用对象:历史爱好者
    
    ISBN 978-7-5202-0558-0:CNY62.68,CNY188.00(全3册)
    本书内容包括:新的开始;昏着儿;争斗,争斗;四镇;史可法;真正的对手;暗流;分裂;东林党的反击;乱起;坚守;弃守;争议、疑团,弘光的结局等。
●
相关链接 在E读中查询图书 在五车中查询图书 在当当中查询图书 在豆瓣中查询图书


正题名:帝国夕阳     索取号:K248.409/147:3         预约/预借

序号 登录号 条形码 馆藏地/架位号 状态 备注
1 1297101   212971015   第二样本阅览室/ [索取号:K248.409/147:3] 在馆    
2 1297102   212971024   第二借阅区/ [索取号:K248.409/147:3] 在馆    
3 1297103   212971033   第二借阅区/ [索取号:K248.409/147:3] 在馆    
4 1297104   212971042   第二借阅区/ [索取号:K248.409/147:3] 在馆    
唐山师范学院图书馆 欢迎您!
大连网信软件有限公司© 版权所有